000 00284 a2200121 4500
000 nam a22 7a 4500
005 20260207101433.0
020 _a9789369440276
100 _aNamvar Singh
_91114322
245 _aZamane ke Nayak
260 _bVani Prakashan
_c2025
942 _cTEXL
999 _c1678866
_d1678866